|
|
|
|
| LEADER |
00000nam0a2200000 4500 |
| 001 |
119012 |
| 005 |
20231031124406.0 |
| 010 |
|
|
|a 5276008957
|
| 035 |
|
|
|a (RuTPU)RU\TPU\book\128786
|
| 035 |
|
|
|a RU\TPU\book\57423
|
| 090 |
|
|
|a 119012
|
| 100 |
|
|
|a 20030828d2006 m y0rusy50 ca
|
| 101 |
0 |
|
|a rus
|
| 102 |
|
|
|a RU
|
| 105 |
|
|
|a y j 001zy
|
| 200 |
1 |
|
|a Менеджмент инвестиционных рисков
|e учебное пособие
|f М. И. Лещенко, И. И. Марущак, В. Е. Бочков, Ю. Н. Демин
|g Московский государственный индустриальный университет; Институт дистанционного образования; под ред. М. И. Лещенко
|
| 210 |
|
|
|a Москва
|c МГИУ
|d 2006
|
| 215 |
|
|
|a 194 с.
|
| 320 |
|
|
|a Библиогр.: с. 131.
|
| 330 |
|
|
|a Соответствует требованиям государственного образовательного стандарта по специальности 061100 "Менеджмент организации", специализация 061145 "Управление лизинговым процессом". Дана общая характеристика инвестиционной деятельности, ее особой формы - лизингового процесса. Представлен анализ состояния инвестиционной деятельности предприятий. В общедоступной форме описаны стратегия инвестирования, риски и гарантии. Предназначено студентам специальности 61100 "Менеджмент организации" экономических специальностей и практическим работникам, занимающимся лизинговой деятельностью.
|
| 610 |
1 |
|
|a менеджмент
|
| 610 |
1 |
|
|a инвестиционные риски
|
| 610 |
1 |
|
|a инвестирование
|
| 610 |
1 |
|
|a управление
|
| 610 |
1 |
|
|a лизинговые риски
|
| 610 |
1 |
|
|a учебные пособия
|
| 610 |
1 |
|
|a финансовые инвестиции
|
| 686 |
|
|
|a У9(2)0-56я73
|v LBC/SL-A
|2 rubbk
|
| 686 |
|
|
|a У9(2)262.29я73
|v LBC/SL-A
|2 rubbk
|
| 701 |
|
1 |
|a Лещенко
|b М. И.
|
| 701 |
|
1 |
|a Марущак
|b И. И.
|
| 701 |
|
1 |
|a Бочков
|b В. Е.
|
| 701 |
|
1 |
|a Демин
|b Ю. Н.
|
| 702 |
|
1 |
|a Лещенко
|b М. И.
|4 340
|
| 712 |
0 |
2 |
|a Московский государственный индустриальный университет (МГИУ)
|b Институт дистанционного образования
|2 stltpush
|3 (RuTPU)RU\TPU\col\12623
|
| 801 |
|
1 |
|a RU
|b 63413507
|c 20070621
|g PSBO
|
| 801 |
|
2 |
|a RU
|b 63413507
|c 20130611
|g PSBO
|
| 942 |
|
|
|c BK
|
| 959 |
|
|
|a 47/20070604
|d 1
|e 191,52
|f ЧЗГЛ:1
|